[Event "Druzynowe Mistrzostwa Polski - II Liga S"]
[Site "Ustron/Slaski Zwiazek Szachowy"]
[Date "2008.09.07"]
[Round "2.88"]
[White "Zminda, Bogdan"]
[Black "Szczesniak, Konrad"]
[Result "1-0"]
[WhiteElo "2156"]
[BlackElo "2248"]
[PlyCount "75"]
[EventDate "2008.??.??"]

1. e4 g6 2. d4 Bg7 3. Nc3 d6 4. Bg5 c6 5. Qd2 Qa5 6. Nge2 b5 7. Nd1 b4 8. a3
Na6 9. Nc1 c5 10. Nb3 Qb6 11. Bxa6 Bxa6 12. dxc5 dxc5 13. axb4 Rd8 14. bxc5 Qb5
15. Qe3 f6 16. Nc3 Qc6 17. Nd5 Bc8 18. Bf4 e5 19. Bg3 f5 20. f4 fxe4 21. c4 Nf6
22. Nxf6+ Bxf6 23. fxe5 Be7 24. Rxa7 Rd3 25. Rxe7+ Kxe7 26. Qg5+ Ke8 27. Bh4
Qd7 28. O-O Rxb3 29. e6 Qd4+ 30. Kh1 Rb7 31. c6 Ra7 32. c7 Rxc7 33. Qb5+ Bd7
34. exd7+ Rxd7 35. Qb8+ Rd8 36. Bxd8 Qxd8 37. Qe5+ Kd7 38. Rf7+ 1-0

[Event "Druzynowe Mistrzostwa Polski - II Liga S"]
[Site "Ustron/Slaski Zwiazek Szachowy"]
[Date "2008.09.07"]
[Round "2.89"]
[White "Grajdek, Jaroslaw"]
[Black "Stepien, Marcin"]
[Result "1-0"]
[WhiteElo "2092"]
[BlackElo "2083"]
[PlyCount "65"]
[EventDate "2008.??.??"]

1. Nf3 d5 2. d4 Nf6 3. c4 c6 4. Nc3 dxc4 5. a4 Bf5 6. e3 e6 7. Bxc4 Be7 8. O-O
O-O 9. Qe2 Nbd7 10. e4 Bg6 11. Rd1 Qc7 12. Bg5 Nb6 13. Bb3 h6 14. Bh4 Nh5 15.
a5 Nc8 16. Bxe7 Qxe7 17. Ne5 Qg5 18. g3 Re8 19. h4 Qf6 20. a6 bxa6 21. Ba4 Rd8
22. Bxc6 Rb8 23. Nd7 Rxd7 24. Bxd7 Nb6 25. Bc6 e5 26. d5 Nc4 27. Qxc4 Rxb2 28.
Rf1 Nf4 29. gxf4 Qxf4 30. Kg2 Qxh4 31. d6 Rb6 32. d7 Qd8 33. Nd5 1-0

[Event "Druzynowe Mistrzostwa Polski - II Liga S"]
[Site "Ustron/Slaski Zwiazek Szachowy"]
[Date "2008.09.07"]
[Round "2.90"]
[White "Hermanowicz, Dominika"]
[Black "Buksa, Ewelina"]
[Result "1-0"]
[WhiteElo "2118"]
[BlackElo "1555"]
[PlyCount "73"]
[EventDate "2008.??.??"]

1. e4 e5 2. Nf3 Nc6 3. Bb5 d6 4. O-O Bd7 5. c3 Nf6 6. Re1 a6 7. Ba4 b5 8. Bc2
g6 9. d3 Bg7 10. Nbd2 O-O 11. Nf1 Re8 12. Bg5 Qe7 13. Ne3 h6 14. Nd5 Qd8 15.
Nxf6+ Bxf6 16. Bxh6 Bg7 17. Qd2 Bg4 18. Bxg7 Kxg7 19. Qe3 Qf6 20. Ng5 Rh8 21.
h3 Bd7 22. Bd1 Rh6 23. Rf1 Rf8 24. f4 Qe7 25. fxe5 dxe5 26. Be2 Be6 27. Nxe6+
Qxe6 28. d4 Ne7 29. a4 c6 30. axb5 axb5 31. Ra6 Rfh8 32. Bxb5 Qb3 33. Be2 Qxb2
34. dxe5 Qb8 35. Qf4 Qb7 36. Qf6+ Kh7 37. Rf4 1-0

[Event "Druzynowe Mistrzostwa Polski - II Liga Seniorow"]
[Site "Ustron/Slaski Zwiazek Szachowy"]
[Date "2008.09.07"]
[Round "2.91"]
[White "Nguyen, Piotr"]
[Black "Niedzwiedz, Marek"]
[Result "1-0"]
[WhiteTitle "k++"]
[BlackTitle "I++"]
[WhiteElo "2329"]
[BlackElo "2088"]

1.d4 d5 2.c4 c6 3.Nf3 Nf6 4.Nc3 e6 5.e3 Nbd7 6.Qc2 b6 7.Ne5 Nxe5
8.dxe5 Ng4 9.f4 d4 10.Be2 dxc3 11.O-O cxb2 12.Qxb2 Nh6 13.g4
Qh4 14.Bf3 Bb7 15.a4 Nxg4 16.a5 Bc5 17.a6 O-O 18.axb7 Rab8 19.Qe2
Nh6 20.Bxc6 a5 21.Ba3 Bxa3 22.Rxa3 Qe7 23.Rb3 Nf5 24.Be4 Qc5
25.Rb5 Qa3 26.Rfb1 Rfd8 27.Rxb6 a4 28.Kf2 Qc3 29.R6b2 Rd7 30.Rc2
Qa5 31.c5 Ne7 32.c6 Rc7 33.Qb5 1-0

[Event "Druzynowe Mistrzostwa Polski - II Liga S"]
[Site "Ustron/Slaski Zwiazek Szachowy"]
[Date "2008.09.07"]
[Round "2.92"]
[White "Graczyk, Konrad"]
[Black "Michniewski, Tomasz"]
[Result "0-1"]
[WhiteElo "1907"]
[BlackElo "2227"]
[PlyCount "120"]
[EventDate "2008.??.??"]

1. d4 Nf6 2. c4 g6 3. Nc3 Bg7 4. Nf3 O-O 5. Bg5 d6 6. e3 Nbd7 7. Be2 c6 8. Qc2
e5 9. dxe5 dxe5 10. Rd1 Qc7 11. O-O Nc5 12. b4 Bf5 13. Qb2 Nce4 14. Bxf6 Nxf6
15. Nh4 Be6 16. e4 a5 17. a3 axb4 18. axb4 Rfd8 19. Nf3 h6 20. Rc1 Nh5 21. Nd5
Qb8 22. Nb6 Ra6 23. Ra1 Rxb6 24. c5 Rb5 25. Bxb5 cxb5 26. Rfd1 Bd7 27. Qc2 Nf4
28. Rd6 Ne6 29. Qd2 Nd4 30. Nxd4 exd4 31. f4 Bc6 32. e5 Bf8 33. Rxd4 Rxd4 34.
Qxd4 Qc8 35. Rd1 Qg4 36. Qd2 Bxg2 37. Qd7 Qxd7 38. Rxd7 Bc6 39. Rd8 Kg7 40. Rc8
Be7 41. Kf1 Bh4 42. Ke2 g5 43. f5 g4 44. Rc7 g3 45. hxg3 Bxg3 46. Re7 Kf8 47.
f6 h5 48. Rc7 Bxe5 49. Rc8+ Be8 50. Kf2 Bc3 51. Kg3 Bxf6 52. Kf4 Bc3 53. Kg5
Bxb4 54. Kxh5 Ke7 55. Rc7+ Ke6 56. Rxb7 Bxc5 57. Kg4 b4 58. Rb8 Ba4 59. Ra8
Bd1+ 60. Kf4 b3 0-1

[Event "Druzynowe Mistrzostwa Polski - II Liga S"]
[Site "Ustron/Slaski Zwiazek Szachowy"]
[Date "2008.09.07"]
[Round "2.93"]
[White "Szymczak, Rafal"]
[Black "Polok, Kacper"]
[Result "0-1"]
[WhiteElo "2118"]
[BlackElo "1903"]
[PlyCount "172"]
[EventDate "2008.??.??"]

1. f4 d5 2. Nf3 Nf6 3. g3 e6 4. Bg2 b6 5. O-O Bb7 6. d3 Bc5+ 7. e3 O-O 8. Nc3
Nbd7 9. Ne5 Nxe5 10. fxe5 Nd7 11. d4 Be7 12. e4 c5 13. Be3 Nxe5 14. dxe5 d4 15.
Bd2 dxc3 16. Bxc3 Qxd1 17. Raxd1 Rfd8 18. Rfe1 Rxd1 19. Rxd1 Rd8 20. Rxd8+ Bxd8
21. b3 Kf8 22. Kf2 Ke8 23. Bd2 Bc7 24. Bc3 Kd7 25. Bb2 b5 26. Bf1 a6 27. Ke3
Bc6 28. a4 Bb6 29. axb5 axb5 30. c4 bxc4 31. Bxc4 Kc7 32. Bc3 Bd7 33. Kd3 Kc6
34. Ke2 Bc7 35. Kd3 Kb6 36. Bb2 Bb5 37. Bc3 Ka6 38. Bb2 Ba5 39. Bc1 Bb4 40. Be3
Kb6 41. Bc1 Ba5 42. Be3 Be1 43. Bg1 Bb4 44. Be3 Kc6 45. Bc1 Ba5 46. Bb2 Be1 47.
g4 Bf2 48. Bc3 Bg1 49. h3 Kb6 50. b4 cxb4 51. Bxb4 Bc5 52. Bxb5 Kxb5 53. Bd2
Ba3 54. Bc3 Be7 55. Bd2 Bb4 56. Bc1 Be1 57. Ba3 Bg3 58. Kd4 Bf2+ 59. Kd3 Bc5
60. Bc1 Kb4 61. Bf4 Kb3 62. h4 Bb4 63. h5 Be1 64. Ke2 Bh4 65. Kd3 Kb2 66. Bh2
Kc1 67. Bf4+ Kd1 68. g5 g6 69. hxg6 hxg6 70. Ke3 Be1 71. Kf3 Bc3 72. Bg3 Kd2
73. Bf4+ Kd3 74. Bg3 Bd2 75. Bh4 Bc1 76. Be1 Bxg5 77. Bf2 Bh6 78. Bh4 Bg7 79.
Kf4 Bh6+ 80. Kf3 Kd4 81. Bf6 Bd2 82. Bg7 Ba5 83. Bf6 Bc7 84. Kf4 Bb8 85. Bg7
g5+ 86. Kxg5 Bxe5 0-1

[Event "Druzynowe Mistrzostwa Polski - II Liga S"]
[Site "Ustron/Slaski Zwiazek Szachowy"]
[Date "2008.09.07"]
[Round "2.94"]
[White "Graczyk, Damian"]
[Black "Spicak, Krzysztof"]
[Result "0-1"]
[WhiteElo "1863"]
[BlackElo "2011"]
[PlyCount "150"]
[EventDate "2008.??.??"]

1. d4 d5 2. Nf3 Nf6 3. c4 e6 4. e3 c6 5. Nc3 Bd6 6. Qc2 Nbd7 7. Bd3 dxc4 8.
Bxc4 O-O 9. O-O h6 10. Rd1 Qe7 11. h3 b5 12. Be2 Bb7 13. e4 Bb4 14. e5 Nd5 15.
Ne4 f5 16. Ng3 Qf7 17. a3 Be7 18. Ne1 Kh7 19. Nd3 a6 20. Bf3 Rac8 21. b4 g5 22.
Bd2 Qg7 23. Nc5 Nxc5 24. bxc5 Kh8 25. Bxd5 cxd5 26. a4 Bc6 27. axb5 Bxb5 28.
Rdb1 f4 29. Nh5 Qf7 30. Qd1 Bd3 31. Rb7 Bg6 32. Nf6 Rb8 33. Rxb8 Rxb8 34. Nd7
Rb5 35. c6 Qe8 36. Qc1 Qc8 37. c7 Be8 38. Nb8 Rb7 39. Ba5 Bb5 40. Nc6 Rxc7 41.
Bxc7 Qxc7 42. Nxe7 Qxe7 43. Qc8+ Kg7 44. Rc1 Bc4 45. Rxc4 dxc4 46. Qxc4 a5 47.
d5 exd5 48. Qxd5 a4 49. Qa5 a3 50. e6 Kf6 51. Qa6 Qb4 52. Kh2 Qb2 53. Qc8 Qxf2
54. Qc3+ Kxe6 55. Qxa3 Qe2 56. Qf8 Qe5 57. Qe8+ Kd5 58. Qb5+ Ke4 59. Qb1+ Ke3
60. Qe1+ Kd4 61. Qb4+ Kd5 62. Qb5+ Kd6 63. Qb8+ Ke6 64. Qe8+ Kf5 65. Qf7+ Ke4
66. Qc4+ Ke3 67. Qc3+ Ke2 68. Qf3+ Ke1 69. Kh1 Qe3 70. Qb7 Kf1 71. Qb5+ Kf2 72.
Qb2+ Kg3 73. Qb1 f3 74. Qb8+ Qf4 75. Qb3 Qc1+ 0-1

[Event "Druzynowe Mistrzostwa Polski - II Liga S"]
[Site "Ustron/Slaski Zwiazek Szachowy"]
[Date "2008.09.07"]
[Round "2.96"]
[White "Graczyk, Natalia"]
[Black "Leszner, Liliana"]
[Result "0-1"]
[WhiteElo "1723"]
[BlackElo "2140"]
[PlyCount "96"]
[EventDate "2008.??.??"]

1. e4 g6 2. d4 d6 3. f4 Bg7 4. Nf3 Nf6 5. Nc3 c5 6. dxc5 Qa5 7. Bd2 Qxc5 8. Bd3
O-O 9. Qe2 Nc6 10. Qe3 Qa5 11. O-O Ng4 12. Qe2 Qh5 13. h3 Nf6 14. Ng5 Qxe2 15.
Bxe2 h6 16. Nf3 Be6 17. a3 Rac8 18. Be3 Nh5 19. Kh2 f5 20. Nh4 Nxf4 21. Bxf4 g5
22. Bxg5 hxg5 23. Nxf5 Be5+ 24. Kh1 Bxf5 25. Rxf5 Rxf5 26. exf5 Bxc3 27. bxc3
Ne5 28. c4 Nxc4 29. Bxc4+ Rxc4 30. Rb1 b6 31. Rb2 Rc5 32. g4 Rc3 33. Rb3 Rxc2
34. Re3 Kf7 35. Re6 Rc3 36. Kg2 Rxa3 37. Rg6 b5 38. Rxg5 b4 39. f6 exf6 40. Rb5
a5 41. h4 b3 42. h5 a4 43. Rb7+ Kg8 44. h6 Ra2+ 45. Kh3 Rc2 46. Kh4 Rh2+ 47.
Kg3 Rxh6 48. Rb4 Rh1 0-1

[Event "Druzynowe Mistrzostwa Polski - II Liga S"]
[Site "Ustron/Slaski Zwiazek Szachowy"]
[Date "2008.09.07"]
[Round "2.97"]
[White "Szymanski, Piotr"]
[Black "Slabek, Grzegorz"]
[Result "1/2-1/2"]
[WhiteElo "2210"]
[BlackElo "2160"]
[PlyCount "43"]
[EventDate "2008.??.??"]

1. d4 Nf6 2. Nf3 g6 3. c4 Bg7 4. Nc3 O-O 5. Bg5 d6 6. e3 c6 7. Be2 a6 8. O-O b5
9. b3 h6 10. Bh4 Bb7 11. Nd2 Nbd7 12. Rc1 b4 13. Na4 c5 14. Bf3 Bxf3 15. Qxf3
Nb6 16. Qc6 Nxa4 17. Qxa4 g5 18. Bg3 Qd7 19. Qa5 Qd8 20. Qa4 Qd7 21. Qa5 Qd8
22. Qa4 1/2-1/2

[Event "Druzynowe Mistrzostwa Polski - II Liga Seniorow"]
[Site "Ustron/Slaski Zwiazek Szachowy"]
[Date "2008.09.07"]
[Round "2.102"]
[White "Kaminska, Paulina"]
[Black "Filipkowska, Martyna"]
[Result "1-0"]
[WhiteTitle "k"]
[BlackTitle "II"]
[WhiteElo "1919"]
[BlackElo "1580"]

1.e4 e5 2.Nf3 d6 3.Bc4 Bg4 4.d3 Nc6 5.c3 Nf6 6.Nbd2 Be7 7.Nf1
O-O 8.Ng3 h6 9.O-O Na5 10.Bb5 a6 11.Ba4 b5 12.Bc2 Nh5 13.Nf5
Bxf3 14.Qxf3 Nf4 15.Bxf4 exf4 16.Qxf4 Bg5 17.Qg4 g6 18.Ne3 c5
19.f4 Bf6 20.f5 Kh7 21.fxg6+ fxg6 22.Nd5 Nc6 23.Nxf6+ Rxf6 24.Rxf6
Qxf6 25.Qd7+ Ne7 26.Rf1 Qg7 27.Qxd6 c4 28.d4 Rf8 29.g3 a5 30.Rxf8
Qxf8 31.Qf4 Qxf4 32.gxf4 Kg7 33.Kf2 Kf6 34.Ke3 g5 35.fxg5+ hxg5
36.a4 b4 37.cxb4 axb4 38.b3 cxb3 39.Bxb3 Ng6 40.a5 Ne7 41.e5+
Kf5 42.a6 1-0

[Event "Druzynowe Mistrzostwa Polski - II Liga S"]
[Site "Ustron/Slaski Zwiazek Szachowy"]
[Date "2008.09.08"]
[Round "2.34"]
[White "Maciaga, Marcin"]
[Black "Ziolkowski, Dawid"]
[Result "0-1"]
[WhiteElo "2180"]
[BlackElo "2183"]
[PlyCount "47"]
[EventDate "2008.??.??"]

1. e4 e6 2. d4 d5 3. exd5 exd5 4. Nf3 Bd6 5. c4 Bg4 6. Nc3 Nf6 7. Bd3 dxc4 8.
Bxc4 O-O 9. O-O Nc6 10. Be3 Qd7 11. Be2 Rad8 12. Qd2 Rfe8 13. Rfd1 Bb4 14. a3
Ba5 15. h3 Bf5 16. b4 Bb6 17. a4 a5 18. b5 Nb4 19. Ne5 Qc8 20. Nc4 Nc2 21. Rac1
Bxd4 22. Bxd4 Rxd4 23. Qxd4 Nxd4 24. Rxd4 0-1